A last lamp burning
Zapisane w:
| 1. autor: | |
|---|---|
| Format: | Książka |
| Język: | Undetermined |
| Wydane: |
New York, Estados Unidos
Putnam's Sons
1965
|
| Hasła przedmiotowe: | |
| Etykiety: |
Dodaj etykietę
Nie ma etykietki, Dołącz pierwszą etykiete!
|
MARC
| LEADER | 00000nam a2200000Ia 4500 | ||
|---|---|---|---|
| 008 | 170316s9999 xx 000 0 und d | ||
| 040 | |a cru BVZT | ||
| 090 | |a 810 G-22.1a | ||
| 100 | |a Griffin, Gwyn | ||
| 245 | 2 | |a A last lamp burning | |
| 260 | |a New York, Estados Unidos | ||
| 260 | |b Putnam's Sons | ||
| 260 | |c 1965 | ||
| 300 | |a 512 páginas | ||
| 650 | |a LITERATURA ESTADOUNIDENSE | ||
| 999 | |c 5669 |d 5669 | ||
| 942 | |c 15 D |h 810 G-22.1a |2 z | ||
